| 000 | 01400nam a2200229Ia 4500 | ||
|---|---|---|---|
| 001 | 15894 | ||
| 003 | GE_BSU | ||
| 008 | 181216s||||||||xx |||||||||||||| ||und|| | ||
| 040 | _cGE_BSU | ||
| 080 | _a821.353.1 + 821.353.1-92 + 821.353.1-6 | ||
| 100 | _aჭავჭავაძე, ი. (ილია, 1837-1907) | ||
| 245 | _aთხზულებანი : სრული კრებული 5 ტომად. ტ.5 | ||
| 245 | _bწერილები ლიტერატურაზე და ხელოვნებაზე. საზოგადოებრივი ცხოვრების დღიური. სხვადასხვა თხზულებანი. ილიას მიმოწერა | ||
| 245 | _cშალვა რადიანის შესავ. წერილით | ||
| 260 | _aთბილისი | ||
| 260 | _bსაბჭ. საქართველო | ||
| 260 | _c1962 | ||
| 300 | _a782 გვ.26 სმ | ||
| 653 | _aთხზულებანი : სრული კრებული | ||
| 653 | _aწერილები ლიტერატურაზე და ხელოვნებაზე. საზოგადოებრივი ცხოვრების დღიური. სხვადასხვა თხზულებანი. ილიას მიმოწერა | ||
| 942 | _cBK | ||
| 999 |
_c48989 _d48989 |
||